States by Three Cities Quiz Stats

 Plays Quiz Updated Jun 21, 2017

Support Sporcle.
Go Orange.
Score 0/50 Timer 06:00
9 Plays Today
% Correct
Texas
85.6%
California
85.4%
Hawaii
82.4%
Florida
82.4%
Nevada
81%
Michigan
80.4%
Virginia
79.7%
Ohio
79.4%
Alaska
76%
Montana
75.7%
New Mexico
72.1%
Illinois
71.8%
North Dakota
71.3%
North Carolina
69.5%
Pennsylvania
69%
Alabama
68.5%
Oregon
67.7%
Mississippi
67.6%
Utah
66.7%
New York
65.6%
Connecticut
65.1%
South Dakota
60.9%
Louisiana
60.7%
West Virginia
60.3%
Vermont
60.1%
% Correct
Massachusetts
59.7%
Missouri
59.3%
Wisconsin
59%
Colorado
58.5%
Iowa
58.2%
Wyoming
58.1%
Delaware
57%
Indiana
55.2%
Arizona
54.2%
New Jersey
53.9%
Georgia
52.8%
Washington
51.7%
Arkansas
49.3%
Kansas
46.2%
Oklahoma
45.4%
Maryland
45.4%
Rhode Island
44.2%
South Carolina
42.1%
Idaho
40.6%
Kentucky
40.3%
New Hampshire
39.3%
Tennessee
39.3%
Minnesota
35.4%
Nebraska
30%
Maine
23.6%

You're not logged in!

Compare scores with friends on all Sporcle quizzes.
OR
Log In
Forgot?

From the Vault

US States Before & After

by LTH

We won't tell you what the event in question is though. Maybe you'll be able to figure it out.
Remove Ads.
Support Sporcle.
Get the best of Sporcle when you Go Orange. This ad-free experience offers more features, more stats, and more fun while also helping to support Sporcle. Thank you for becoming a member.

Show Comments

Extras

Top Quizzes Today


Score Distribution

Your Account Isn't Verified!

In order to create a playlist on Sporcle, you need to verify the email address you used during registration. Go to your Sporcle Settings to finish the process.

Report this User

Report this user for behavior that violates our Community Guidelines.

Details: